Complete organ works 2 /

Hlavní autor: Seger, Josef Ferdinand Norbert, 1716-1782
Další autoři: Kohout, Pavel, 1976-
Jazyk: Nelze použít, není lingvistický obsah
Čeština
Vydáno: Praha : Vixen, [2016]
Témata:
Fyzický popis: 1 CD audio (78:18) ; 12 cm
Zvukové nahrávky
Uloženo v:
LEADER 02523njm a2200637 i 4500
001 001555871
003 CZ BrMZK
005 20170124112718.0
007 sd fsngnnmmned
008 161207p20162015xr munng ef n zxx
024 3 |a 8590551200018 
028 0 1 |a V2-0001  |b Vixen 
040 |a BOA001  |b cze  |e rda 
041 0 |a cze  |g eng  |g fre  |g ger 
043 |a e-xr--- 
045 |a v-v- 
047 |a tc  |a fg  |a ft  |a pr  |a zz 
048 |a kb01 
072 7 |a 786  |x Hudba pro klávesové nástroje  |2 Konspekt  |9 9 
080 |a 78.083  |2 MRF 
080 |a 78.083.3+78.083.2  |2 MRF 
080 |a 78.083.2  |2 MRF 
080 |a 78.083.3  |2 MRF 
080 |a 78.083.2  |2 MRF 
080 |a (086.76)  |2 MRF 
100 1 |a Seger, Josef Ferdinand Norbert,  |d 1716-1782  |7 mzk2002144945  |4 cmp 
240 1 0 |a Varhanní hudba.  |k Výběr 
245 1 0 |a Complete organ works 2 /  |c Josef Ferdinand Norbert Seger 
246 1 |i Název na hřbetu pouzdra:  |a Seger - complete organ works 2 
264 1 |a Praha :  |b Vixen,  |c [2016] 
264 4 |c 2016 
300 |a 1 CD audio (78:18) ;  |c 12 cm 
306 |a 011818 
336 |a hraná hudba  |b prm  |2 rdacontent 
337 |a audio  |b s  |2 rdamedia 
338 |a audiodisk  |b sd  |2 rdacarrier 
344 |a digital  |b optical  |g stereo  |2 rda 
347 |a audio soubor  |b CD audio  |2 rda 
500 |a Název z disku 
500 |a Technika záznamu DDD 
505 0 0 |t Toccatas and fugues --  |t Fantasia in D minor --  |t "Fuga con soggetto doppio" in D minor --  |t Prelude in V major --  |t Fugue in C major --  |t Preamble in A minor --  |t Fugue in A minor --  |t Prelude in E flat major --  |t Preamble in D minor --  |t Fugue in F minor --  |t Preamble in C major --  |t Fugue in C major --  |t Prelude in A minor --  |t "Imitation supra intonatio: Ite Missa est" in A minor 
511 0 |a Pavel Kohout, varhany 
518 |o Nahráno  |d od 7. do 11. září 2015  |p Kostel Matky Boží před Týnem 
648 7 |a 18. století  |7 ch460556 
650 0 7 |a drobné skladby  |z Česko  |y 18. století  |7 ph321708  |2 czenas 
650 0 7 |a toccaty a fugy  |z Česko  |y 18. století  |7 ph600748  |2 czenas 
650 0 7 |a fugy  |z Česko  |y 18. století  |7 ph317316  |2 czenas 
650 0 7 |a fantazie (hudba)  |7 ph321713  |2 czenas 
650 0 7 |a preludia  |7 ph224424  |2 czenas 
655 7 |a kompaktní disky  |7 fd201991  |2 czenas 
700 1 |a Kohout, Pavel,  |d 1976-  |7 ola2002146270  |4 itr 
910 |a BOA001  |b CDR-1378.178 
990 |a AV 
991 |b 201701 
925 |a varhany  |b Org 
996 6 |b 2610690245  |c CDR-1378.178  |l MZK  |r Sklad / do 24 hodin  |n 0  |p p.v.  |w 001591210  |u 000010  |a 1  |e BOA001  |j MZK50  |s P